Personnages de Jujutsu Kaisen - Statistiques

Statistiques générales
  • Ce quiz a été pris 1 172 fois
    265 depuis la dernière actualisation
  • Le résultat moyen est 27 sur 62
Statistiques - réponses
Hint Réponse % Correct
Le Plus FortJujutsu Sorcerer Classe Spéciale
Chef de l'équipe Tokyo
Gojo Satoru
99%
Personnage PrincipaleMembre de l'équipe Tokyo 1ere Année Itadori Yuji
97%
Roi des Malédictions Possède le Précédent et le suivant Ryomen Sukuna
93%
Membre de l'équipe Tokyo1ere Année Fushiguro Megumi
92%
Meilleur Ami du PrécédentJujutsu Sorcerer Classe Spéciale Utilisateur de Malédictions Geto Suguru
91%
Père du PrécédentPas d'énergie maudite Fushiguro Toji
87%
Pas d'énergie mauditeMembre de l'équipe Tokyo 2ème Année Jujutsu Sorcerer Grade 4 Zenin Maki
87%
Soeur de la PrécédenteMembre de l'équipe Kyoto 2ème Année Jujutsu Sorcerer Grade 3 Zenin Mai
81%
Membre de l'équipe Tokyo1ere Année Kugisaki Nobara
80%
Membre de l'équipe Tokyo 2ème Année Jujutsu Sorcerer Classe Spéciale Okkotsu Yuta
78%
Crée Par Le PrécédentMembre de l'équipe Tokyo 2ème Année Jujutsu Sorcerer Demi-Grade 2 Panda
78%
Membre de l'équipe Kyoto3ème Année Sois-disant frère d'Itadori Jujutsu Sorcer Grade 1 Todo Aoi
74%
Jujutsu SorcererGrade 1 Ancien employer d'entreprise Nanami Kento
71%
Membre de l'équipe Tokyo2ème Année Jujutsu Sorcerer Demi-Grade 1 Inumaki Toge
70%
MalédictionClasse Spéciale Mahito
64%
MalédictionClasse Spéciale Jogo
62%
Jujutsu SorcererGrade 1 Aime l'argent Mei Mei
62%
MalédictionClasse Spéciale
Sois-disant frère d'Itadori
Choso
60%
Fils du PrécédentJujutsu Sorcerer Grade 1 Zenin Naoya
54%
Malédiction Classe Spéciale Ami d'enfance d'Okkotsu Yuta Reine des Malédictions Orimoto Rika
53%
Utilisateur de MalédictionsPossède l'ancetre Kamo Noritoshi Possède Itadori Kaori Possède Geto Suguru Kenjaku
52%
Membre de l'équipe Kyoto2ème Année Jujutsu Sorcerer Demi-Grade 1 Muta Kokichi
50%
Joueur du Culling Game Kurusu Hana
48%
Directeur de TokyoCréateur du Suivant Jujutsu Sorcerer Grade 1 Masamichi Yaga
48%
Membre de la faculté de TokyoDocteur Ieiri Shoko
47%
Membre de l'équipe Tokyo3ème Année Hakari Kinji
46%
Malédiction Classe Spéciale Hanami
45%
Membre de la faculté de TokyoSoeur du précédent Nitta Akari
45%
Membre de l'équipe Kyoto3ème Année Jujutsu Sorcerer Demi-Grade 1 Kamo Noritoshi
44%
Membre de l'équipe Kyoto2ème Année Miwa Kasumi
44%
Jujutsu SorcererClasse Spéciale Tsukumo Yuki
43%
Oncle du Précédent et Chef du ClanJujutsu Sorcerer Grade 1 Zenin Naobito
43%
Gérant de la barriere de Jujutsu HighTokyo Tengen
41%
Frère de la précédente Ui Ui
41%
Chef de L'équipe KyotoJujutsu Sorcer Demi-Grade 1 Utahime Iori
41%
Général DivinFamilier de la Technique des 10 Ombres Mahoraga
37%
Membre de l'équipe Kyoto3ème Année Nishimiya Momo
35%
Ami d'Itadori Yuji Yoshino Junpei
31%
Soeur de Fushiguro Megumi Fushiguro Tsumiki
29%
Nécessaire pour la vie du précédent Amanai Riko
28%
Utilisateur de MalédictionsEntourage du Précedent Loyale à Sukuna Uraume
27%
Joueur du Culling GameAvocat de la défense Higuruma Hiromi
26%
Joueur du Culling GameRoi de l'éclair Kashimo Hajime
26%
Malédiction Classe Spéciale Dagon
24%
Jujutsu SorcererGrade 2 Ino Takuma
23%
Membre de l'équipe Tokyo3ème Année Hoshi Kirara
20%
Père des deux précédentesJujutsu Sorcerer Grade 1 Zenin Ogi
20%
Directeur de Kyoto Gakuganji Yoshinobu
19%
Utilisateur de MalédictionsEntourage de Geto Suguru Miguel
19%
Meilleur Ami du précédent Haibara Yu
18%
Membre de la faculté de Tokyo Kiyotaka Ijichi
18%
Joueur du Culliing GameComédien Takaba Fumihiko
18%
MalédictionFrère des deux précédents Eso
16%
Joueur du Culling GameOccupant du corps de Fushiguro Tsumiki Yorozu
16%
MalédictionFrère du précédent Kechizu
14%
Membre de la faculté de Tokyo Kusakabe Atsuya
13%
Utilisateur de MalédictionsEntourage de Geto Suguru Soeur de la suivante Hasaba Mimiko
12%
Utilisateur de MalédictionsEntourage de Geto Suguru Soeur de la précédente Hasaba Nanako
11%
Membre de l'équipe Kyoto1ere Année Frère de la suivante Nitta Arata
9%
Guardienne de la précédente Kuroi Misato
5%
Utilisateur de MalédictionsEntourage de Kenjaku Shigemo Haruta
5%
Utilisateur de MalédictionsEntourage de Kenjaku Kumiya Juzo
3%
Aucun quiz correspondant
Distribution des résultats
% des personnes avec chaque résultat
Percentile par nombre de réponses
Votre historique - résultats
Vous n’avez pas pris ce quiz depuis la dernière actualisation